|
|
|
|
| LEADER |
00000nab a2200000 a 4500 |
| 001 |
vtls000835881 |
| 003 |
SK-MaSNL |
| 005 |
20260304213216.0 |
| 008 |
250429c2002 xo 0 slo |
| 015 |
|
|
|a SNBRB2003/05-ccccc
|
| 035 |
|
|
|a CLN000187536
|
| 035 |
|
|
|a urn:nbn:sk:snk-abq9q
|
| 035 |
|
|
|a (urnnbn)urn:nbn:sk:snk:ar-a03fvn
|
| 035 |
|
|
|a (uuid)88dced1e-ff81-44f0-95a7-9a79fa3e98bd
|
| 040 |
|
|
|a SNKBUCL
|b slo
|c SNKBUCL
|e AACR2
|
| 041 |
0 |
|
|a eng
|
| 044 |
|
|
|a xo
|c SK
|
| 080 |
|
|
|a 577.112:616.155.18-07
|2 1997
|
| 100 |
1 |
|
|a Simek, M.
|4 aut
|9 781946
|
| 245 |
1 |
0 |
|a Serum transferrin receptor in diagnosis of iron deficiency
|c M. Simek, A. Remkova, H. Kratochvilova
|
| 300 |
|
|
|b Grafy, tab.
|
| 504 |
|
|
|a Res. angl.
|
| 504 |
|
|
|a Bibliogr. odkazy
|
| 650 |
0 |
7 |
|a transferínové receptory
|2 SNK
|9 209093
|
| 650 |
0 |
7 |
|a komplikácie
|2 SNKPH
|9 856653
|
| 650 |
0 |
7 |
|a diagnóza
|2 SNKPH
|9 2604
|
| 650 |
0 |
7 |
|a cytokíny
|2 SNKPH
|9 14935
|
| 650 |
0 |
7 |
|a hemolytická anémia
|2 SNKPH
|9 179076
|
| 650 |
0 |
7 |
|a klinické štúdie
|2 SNK
|9 492195
|
| 650 |
0 |
7 |
|a sideropenická anémia
|2 SNKPH
|9 202600
|
| 650 |
0 |
7 |
|a biosyntéza (biochémia)
|2 SNKPH
|9 132781
|
| 650 |
0 |
7 |
|a etiológia
|2 SNKPH
|9 20150
|
| 650 |
0 |
7 |
|a genetika
|2 SNKPH
|9 698
|
| 655 |
|
7 |
|a články z novín a časopisov
|2 SNK
|9 267496
|
| 700 |
1 |
|
|a Remková, Anna,
|d 1954-
|4 aut
|9 197015
|
| 700 |
1 |
|
|a Kratochvilova, H.
|4 aut
|9 792987
|
| 773 |
0 |
|
|t Bratislavské lekárske listy
|g Roč. 103, č. 12 (2002), s. 449-453
|x 0006-9248
|
| 850 |
|
|
|a Slovenská národná knižnica
|
| 852 |
|
|
|a Slovenská národná knižnica
|
| 958 |
|
|
|a article27
|
| 958 |
|
|
|a MI
|
| 958 |
|
|
|a NB
|
| 958 |
|
|
|a OND
|
| 958 |
|
|
|a EUIPO
|
| 992 |
|
|
|a RBX
|
| 999 |
|
|
|c 3135039
|d 3136969
|